[Event "MrDodgy Invitational 2"]
[Site "chess24.com INT"]
[Date "2021.05.16"]
[Round "4.3"]
[White "Giri, Anish"]
[Black "Jobava, Baadur"]
[Result "1-0"]
[WhiteTitle "GM"]
[BlackTitle "GM"]
[WhiteElo "2780"]
[BlackElo "2603"]
[WhiteFideId "24116068"]
[BlackFideId "13601520"]
[EventDate "2021.05.12"]
[EventType "k.o."]

1. e4 e5 2. Nf3 Nf6 3. Nxe5 d6 4. Nf3 Nxe4 5. d4 d5 6. Bd3 Nc6 7. O-O Be7 8.
Nbd2 Nxd2 9. Bxd2 Bg4 10. c3 O-O 11. h3 Bh5 12. g3 Re8 13. Kg2 a6 14. Qc2 Bg6
15. Rae1 Qd7 16. Bf4 Bd6 17. Bxd6 Qxd6 18. h4 Bxd3 19. Qxd3 h6 20. h5 Qf6 21.
Nh4 Qg5 22. Qf3 Re6 23. Rxe6 fxe6 24. Ng6 Ne7 25. Nxe7+ Qxe7 26. Re1 Qd6 27. Qg4
Re8 28. Re5 Re7 29. Qe2 Kf8 30. Qe3 Ke8 31. b3 Kd7 32. c4 c6 33. c5 Qb8 34. b4
Qe8 35. a4 Rf7 36. g4 Rf6 37. Kg3 g5 38. hxg6 Qxg6 39. Qb3 Qf7 40. f3 Kc7 41.
Kg2 Rg6 42. Qe3 Kd7 43. Rh5 Rf6 44. Rxh6 Qg7 45. Rxf6 Qxf6 46. Kg3 Qg6 47. Qf4
Qb1 48. Qf7+ Kc8 49. Qf8+ Kc7 50. Qd6+ Kc8 51. Qf8+ Kc7 52. Qd6+ Kc8 53. Qxe6+
Kb8 54. Qe5+ Ka7 55. g5 Qxb4 56. g6 Qxa4 57. g7 Qd1 58. Qg5 Qg1+ 59. Kf4 Qxd4+
60. Kf5 Qd3+ 61. Ke6 Qe2+ 62. Kd7 d4 63. g8=Q d3 64. Q5d8 1-0

[Event "MrDodgy Invitational 2"]
[Site "chess24.com INT"]
[Date "2021.05.16"]
[Round "4.4"]
[White "Jobava, Baadur"]
[Black "Giri, Anish"]
[Result "1-0"]
[WhiteTitle "GM"]
[BlackTitle "GM"]
[WhiteElo "2603"]
[BlackElo "2780"]
[WhiteFideId "13601520"]
[BlackFideId "24116068"]
[EventDate "2021.05.12"]
[EventType "k.o."]

1. d4 Nf6 2. c4 g6 3. g3 d5 4. cxd5 c6 5. dxc6 Nxc6 6. Nf3 e5 7. Bg2 exd4 8. O-O
Bg7 9. e3 Bg4 10. exd4 O-O 11. Nc3 Bxf3 12. Bxf3 Qxd4 13. Be3 Qb4 14. Qb3 Qxb3
15. axb3 a6 16. Rfd1 Rfc8 17. Kg2 h5 18. Rd6 Ne8 19. Rd7 Ne5 20. Rxb7 Nxf3 21.
Kxf3 Bxc3 22. bxc3 Rxc3 23. Rd1 Nf6 24. h3 Rc6 25. b4 Re8 26. g4 hxg4+ 27. hxg4
Rc4 28. Rd4 Rxd4 29. Bxd4 Nxg4 30. Rb6 Ne5+ 31. Bxe5 Rxe5 32. Rxa6 Rb5 33. Ra4
Kg7 34. Ke4 g5 35. Kd4 g4 36. Kc4 Rf5 37. Ra2 Rf4+ 38. Kc5 Rf5+ 39. Kc6 Rf6+ 40.
Kc7 Rf3 41. Rb2 g3 42. fxg3 Rxg3 43. b5 Rc3+ 44. Kd6 Rd3+ 45. Kc6 Rc3+ 46. Kd5
Rd3+ 47. Kc5 Rc3+ 48. Kd4 Rc8 49. b6 f5 50. b7 Rb8 51. Rb6 f4 52. Kc5 f3 53. Kc6
f2 54. Rb1 Rf8 55. Rf1 Rf6+ 56. Kc7 Rf7+ 57. Kb6 Rf8 58. Ka7 Rf7 59. Ka8 1-0

[Event "MrDodgy Invitational 2"]
[Site "chess24.com INT"]
[Date "2021.05.16"]
[Round "4.5"]
[White "Giri, Anish"]
[Black "Jobava, Baadur"]
[Result "1-0"]
[WhiteTitle "GM"]
[BlackTitle "GM"]
[WhiteElo "2780"]
[BlackElo "2603"]
[WhiteFideId "24116068"]
[BlackFideId "13601520"]
[EventDate "2021.05.12"]
[EventType "k.o."]

1. e4 e5 2. Nf3 Nf6 3. Nxe5 d6 4. Nf3 Nxe4 5. d4 d5 6. Bd3 Nc6 7. O-O Be7 8.
Nbd2 Nxd2 9. Bxd2 Bg4 10. c3 O-O 11. h3 Bh5 12. g3 Re8 13. Kg2 Bg6 14. Bf4 Bd6
15. Bxg6 hxg6 16. Bxd6 Qxd6 17. Qd3 Re7 18. Rae1 Rae8 19. Rxe7 Rxe7 20. Qb5 b6
21. Qa6 Re8 22. Re1 Re2 23. Qxe2 1-0

[Event "MrDodgy Invitational 2"]
[Site "chess24.com INT"]
[Date "2021.05.16"]
[Round "4.6"]
[White "Jobava, Baadur"]
[Black "Giri, Anish"]
[Result "1/2-1/2"]
[WhiteTitle "GM"]
[BlackTitle "GM"]
[WhiteElo "2603"]
[BlackElo "2780"]
[WhiteFideId "13601520"]
[BlackFideId "24116068"]
[EventDate "2021.05.12"]
[EventType "k.o."]

1. d4 Nf6 2. c4 g6 3. g3 c6 4. d5 cxd5 5. cxd5 d6 6. Bg2 Bg7 7. Nc3 O-O 8. Nf3
Nbd7 9. O-O Nc5 10. Be3 Bg4 11. Bd4 Bxf3 12. Bxf3 a6 13. Rc1 Rc8 14. e3 Qa5 15.
a3 Ncd7 16. Qb3 Nc5 17. Qc2 Ncd7 18. Qb1 Ne5 19. Bxe5 dxe5 20. d6 exd6 21. Bxb7
Rb8 22. Bg2 d5 23. Rfd1 Rfd8 24. Qa2 d4 25. b4 Qb6 26. exd4 exd4 27. Na4 Qb5 28.
Nc5 a5 29. Bf1 Qb6 30. bxa5 Qxa5 31. Bc4 Qa7 32. Nd3 Ne4 33. Re1 Nc3 34. Qd2
Rdc8 35. Ba2 Qxa3 36. Ra1 Qd6 37. h4 h5 38. Nf4 Bh6 39. Bxf7+ Kxf7 40. Ra7+ Rc7
41. Re6 Rb1+ 42. Kh2 Qxf4 43. gxf4 Rxa7 44. Qxd4 Kxe6 45. Qxa7 Bxf4+ 46. Kg2 Be5
47. Qa6+ Kf5 48. Qd3+ Ke6 49. Qxg6+ Bf6 50. Qxh5 Rb5 51. Qg4+ Kf7 52. f4 Rb2+
53. Kf3 Ne2 54. Qd7+ Kf8 55. Kg4 Nd4 56. Qd5 Rb5 57. Qd6+ Kf7 58. Qd7+ Kf8 59.
h5 Rb2 60. h6 Rg2+ 61. Kh5 Ne2 62. Qc8+ Kf7 63. Qb7+ Kf8 64. Qa8+ Kf7 65. Qb7+
Kf8 66. Qb4+ Kf7 67. h7 Rh2+ 68. Kg4 Rh4+ 69. Kf3 Rxf4+ 70. Qxf4 Nxf4 71. Kxf4
Bh8 72. Kf5 Kg7 73. Kg4 Kxh7 1/2-1/2

[Event "MrDodgy Invitational 2"]
[Site "chess24.com INT"]
[Date "2021.05.16"]
[Round "4.7"]
[White "Giri, Anish"]
[Black "Jobava, Baadur"]
[Result "1-0"]
[WhiteTitle "GM"]
[BlackTitle "GM"]
[WhiteElo "2780"]
[BlackElo "2603"]
[WhiteFideId "24116068"]
[BlackFideId "13601520"]
[EventDate "2021.05.12"]
[EventType "k.o."]

1. e4 e5 2. Nf3 Nf6 3. Nxe5 d6 4. Nf3 Nxe4 5. d4 d5 6. Bd3 Nc6 7. O-O Be7 8.
Nbd2 Nxd2 9. Bxd2 Bg4 10. c3 O-O 11. h3 Bh5 12. g3 Re8 13. Kg2 Bg6 14. Bxg6 hxg6
15. Re1 Bd6 16. Qb3 Rxe1 17. Rxe1 Ne7 18. Qxb7 Rb8 19. Qxa7 Rxb2 20. Qa4 f6 21.
Bc1 Rb8 22. h4 Kf7 23. Qc2 Qd7 24. c4 c6 25. Bd2 dxc4 26. Qxc4+ Nd5 27. Rc1 Rc8
28. a4 Qe6 29. a5 Ba3 30. Rc2 Qe4 31. Qb3 Bd6 32. a6 Rc7 33. Ba5 Rd7 34. Bd2 Ke7
35. Qc4 Ra7 36. Ba5 Qf5 37. Qxc6 Kf7 38. Ne5+ fxe5 39. Qxd5+ Ke7 40. Rc6 Qe6 41.
Qxe6+ Kxe6 42. Bb4 1-0

[Event "MrDodgy Invitational 2"]
[Site "chess24.com INT"]
[Date "2021.05.16"]
[Round "4.8"]
[White "Jobava, Baadur"]
[Black "Giri, Anish"]
[Result "0-1"]
[WhiteTitle "GM"]
[BlackTitle "GM"]
[WhiteElo "2603"]
[BlackElo "2780"]
[WhiteFideId "13601520"]
[BlackFideId "24116068"]
[EventDate "2021.05.12"]
[EventType "k.o."]

1. d4 Nf6 2. c4 g6 3. g3 c6 4. d5 Bg7 5. Bg2 d6 6. Nc3 Qa5 7. Bd2 Qb6 8. Nf3 O-O
9. O-O Qxb2 10. Rb1 Qa3 11. Nd4 Qc5 12. dxc6 bxc6 13. Ndb5 Ne8 14. Nd5 cxd5 15.
Be3 d4 16. Nxd4 Qxc4 17. Bxa8 Nd7 18. Nc6 Bf6 19. Nxa7 Qxa2 20. Bd5 Qa6 21. Qc2
Nc5 22. Bxc5 dxc5 23. Qxc5 Bh3 24. Rfe1 Nd6 25. Nc6 Bd7 26. Nb8 Qc8 27. Nxd7
Qxd7 28. e4 Rc8 29. Qe3 e6 30. Qf3 Bg7 31. e5 Nf5 32. Be4 Nd4 33. Qf4 h5 34. Rb7
Rc7 35. Rxc7 Qxc7 36. Bg2 Qc3 37. Qe4 Kh7 38. h4 Qc5 39. Qe3 Qa5 40. Kh2 Nc2 41.
Qf4 Nxe1 42. Qxf7 Nxg2 43. Kxg2 Qd5+ 0-1

[Event "MrDodgy Invitational 2"]
[Site "chess24.com INT"]
[Date "2021.05.16"]
[Round "4.10"]
[White "Jobava, Baadur"]
[Black "Giri, Anish"]
[Result "0-1"]
[WhiteTitle "GM"]
[BlackTitle "GM"]
[WhiteElo "2603"]
[BlackElo "2780"]
[WhiteFideId "13601520"]
[BlackFideId "24116068"]
[EventDate "2021.05.12"]
[EventType "k.o."]

1. d4 Nf6 2. c4 g6 3. g3 c6 4. d5 Bg7 5. Bg2 d6 6. Nc3 Qa5 7. Bd2 Qb6 8. Nf3
Qxb2 9. Rb1 Qa3 10. Nd4 Qc5 11. dxc6 bxc6 12. Ndb5 Na6 13. Be3 Qxc4 14. Qxd6 O-O
15. Qxc6 Qxc6 16. Bxc6 Bf5 17. Bxa8 Bxb1 18. Bb7 Nb4 19. O-O Bxa2 20. Ra1 Rb8
21. Nxa2 Rxb7 22. Nxb4 Rxb5 23. Nc6 Rb7 24. Bxa7 h5 25. Bc5 e6 26. f3 Kh7 27.
Bd4 Nd5 28. Kf2 Rc7 29. Bxg7 Kxg7 30. Ne5 Nf6 31. e4 Nd7 32. Nd3 Rc2+ 33. Ke3
Rc7 34. Kd4 Nf8 35. Nc5 Nd7 36. Nd3 Nf8 37. e5 Nd7 38. Ra6 Nb8 39. Rb6 Nc6+ 40.
Ke4 Ne7 41. Nf4 Rc4+ 42. Kd3 Ra4 43. Rb7 Kf8 44. Rb8+ Kg7 45. Rb7 Kf8 46. Nh3
Ra3+ 47. Ke4 Ra4+ 48. Kd3 Ra3+ 49. Kc4 Rxf3 50. Ng5 Rf5 51. Nh7+ Kg7 52. Nf6 Nc6
53. Ne8+ Kf8 0-1